| 000 | 00785cab a2200265 4500 | ||
|---|---|---|---|
| 001 | WB3247-44 | ||
| 008 | 090401t1996 xxu||||| |||| 00| 0 eng d | ||
| 035 | _a(Sirsi) u69499 | ||
| 041 | _aeng | ||
| 245 | _aBank sued | ||
| 260 | _c1996 | ||
| 350 | _a0 | ||
| 490 |
_aTimes _v9 December 1996, 7(1) |
||
| 520 | _aA woman is suing Barclays Bank and its surveyors over a hole that threatens to swallow her home. The house is built on gypsum deposits which the surveyor failed to spot during a structural survey. | ||
| 650 | _aBARCLAYS BANK | ||
| 650 | _aGYPSUM DEPOSITS | ||
| 650 | _aNEGLIGENCE | ||
| 650 | _aRIPON | ||
| 650 | _aSTRUCTURAL SURVEY | ||
| 650 | _aSUBSIDENCE | ||
| 650 | _aSURVEYORS | ||
| 690 | _aPROFESSIONAL PRACTICE | ||
| 942 | _n0 | ||
| 948 | _c04/03/1997 | ||
| 999 |
_c43653 _d43653 |
||